Sports Quiz

Random Sports or MLB Quiz

Red Sox Hall-of-Famers Quiz Stats

 Plays Quiz not verified by Sporcle

Challenge
Share
Tweet
Embed
Score 0/36 Timer 15:00
0 Plays Today
Years Played with Red Sox Player % Correct
1939-1960Ted Williams
95.8%
1998-2004Pedro Martinez
94.4%
1963-1964Dick Williams
94%
1961-1983Carl Yastrzemski
92.1%
1974-1989Jim Rice
91.9%
1982-1992Wade Boggs
89%
1969-1980Carlton Fisk
85.8%
1914-1919Babe Ruth
79.8%
1901-1909Cy Young
76.9%
1937-1951Bobby Doerr
76.4%
1936-1942Jimmie Foxx
74.5%
1907-1915Tris Speaker
65.9%
1978-1984, 1998Dennis Eckersley
62.2%
1986Tom Seaver
61.9%
2009John Smoltz
61.1%
2002Rickey Henderson
57.7%
1935-1945Joe Cronin
57.5%
1971-1973Luis Aparicio
53.8%
Years Played with Red Sox Player % Correct
1934-1941Lefty Grove
53.5%
1909-1920Harry Hooper
42%
1980-1982Tony Perez
41.7%
1973Orlando Cepeda
37.3%
1976-1977Fergie Jenkins
36.7%
1993-1994Andre Dawson
33.6%
1901-1907Jimmy Collins
32.8%
1924-1930Red Ruffing
28.1%
1933-1937Rick Ferrell
26.2%
1951-1952Lou Boudreau
25.7%
1974Juan Marichal
25.2%
1952-1954George Kell
24.1%
1919-1920Waite Hoyt
21%
1915-1922, 1934Herb Pennock
20.7%
1943Al Simmons
19.4%
1909Jack Chesbro
17.1%
1936Heinie Manush
13.1%
1905Jesse Burkett
11.8%

You're not logged in!

Compare scores with friends on all Sporcle quizzes.
Join for Free
OR
Log In

You Might Also Like...

Show Comments

Extras

Top Quizzes Today


Score Distribution

Your Account Isn't Verified!

In order to create a playlist on Sporcle, you need to verify the email address you used during registration. Go to your Sporcle Settings to finish the process.

Report this User

Report this user for behavior that violates our Community Guidelines.

Details: